000
00282nam a2200121Ia 4500
008
190216s9999||||xx |||||||||||||| ||und||
100
_a
Ian Watt
245
4
_a
The Rise Of The Novel
260
_b
Penguin Books
_c
1957
300
_a
334p
650
_a
English Literature
942
_c
BK
999
_c
11861
_d
11861